[Event "Ruy Lopez"]
[Site "Gatineau CAN"]
[Date "2022.11.01"]
[Round "1"]
[White "Raymond, Daniel"]
[Black "Blais, Robert"]
[Result "1-0"]
[WhiteElo "1748"]
[BlackElo "1542"]
[PlyCount "37"]
[EventDate "2022.11.01"]
[EventType "swiss"]
[EventRounds "7"]
[EventCountry "CAN"]

1. e4 e5 2. Nf3 d6 3. d4 exd4 4. Nxd4 Nf6 5. Nc3 Be7 6. Bc4 b6 7. Bb5+ Bd7 8.
Qf3 c6 9. e5 dxe5 10. Nxc6 Nxc6 11. Bxc6 Rc8 12. Bxd7+ Qxd7 13. O-O Qc6 14. Qe2
Bd6 15. Bg5 Nd7 16. Rad1 f6 17. Bh4 Bb4 18. Nb5 Qxc2 19. Qg4 1-0

[Event "Ruy Lopez"]
[Site "Gatineau CAN"]
[Date "2022.11.01"]
[Round "1"]
[White "Rioux, Jocelyn"]
[Black "Villeneuve, Denis"]
[Result "1-0"]
[WhiteElo "1598"]
[BlackElo "1409"]
[PlyCount "69"]
[EventDate "2022.11.01"]
[EventType "swiss"]
[EventRounds "7"]
[EventCountry "CAN"]

1. d4 Nf6 2. Bf4 d5 3. e3 c5 4. c3 Nc6 5. Bd3 e6 6. Nd2 Bd6 7. Bg3 O-O 8. Ngf3
c4 9. Bc2 Qc7 10. b3 b5 11. bxc4 bxc4 12. e4 e5 13. exd5 Nxd5 14. Nxc4 Nxc3 15.
Qd3 e4 16. Qxc3 Bb4 17. O-O Bxc3 18. Bxc7 Bxa1 19. Bxe4 Bb7 20. Rxa1 Rac8 21.
Bf4 Nxd4 22. Bxb7 Rxc4 23. Nxd4 Rxd4 24. Be3 Rd7 25. Bf3 f5 26. g3 Rf6 27. Rb1
Ra6 28. Rb5 g6 29. Bd5+ Kg7 30. Kg2 Rad6 31. Bb3 a6 32. Ra5 Rd8 33. Bc4 Ra8 34.
Bd5 Rb8 35. Bf4 1-0

[Event "Ruy Lopez"]
[Site "Gatineau CAN"]
[Date "2022.11.01"]
[Round "1"]
[White "Scrieciu, Cristian"]
[Black "Hamon, Vincent"]
[Result "1-0"]
[WhiteElo "1081"]
[BlackElo "1451"]
[PlyCount "105"]
[EventDate "2022.11.01"]
[EventType "swiss"]
[EventRounds "7"]
[EventCountry "CAN"]
[TimeControl "90+30"]

1. d4 d5 2. c4 c6 3. Nc3 Nf6 4. Nf3 a6 5. e3 Bf5 6. Bd3 Bxd3 7. Qxd3 e6 8. O-O
Bd6 9. e4 dxc4 10. Qxc4 b5 11. Qd3 Be7 12. e5 Nd5 13. Rd1 O-O 14. Ne4 h6 15.
Be3 Nxe3 16. Qxe3 Qb6 17. Rac1 Nd7 18. Nc5 Rad8 19. Rd2 Nxc5 20. dxc5 Qa5 21.
a3 Rxd2 22. Qxd2 Qxd2 23. Nxd2 Bg5 24. Rc2 Rd8 25. Nf1 Rd1 26. g3 Rc1 27. Re2
Rxc5 28. f4 Bd8 29. Ne3 Bb6 30. Kg2 Rc1 31. Nc2 c5 32. Kf3 a5 33. Ke4 Rb1 34.
Ne3 c4 35. Rc2 Bxe3 36. Kxe3 Rd1 37. Rd2 Rxd2 38. Kxd2 f6 39. Kc3 fxe5 40. fxe5
Kf7 41. Kd4 Kg6 42. Kc5 Kf5 43. Kxb5 Kxe5 44. Kxc4 Ke4 45. b4 axb4 46. axb4 e5
47. b5 Kf3 48. b6 e4 49. b7 e3 50. b8=Q e2 51. Qf4+ Kg2 52. Qe4+ Kf1 53. Qf3+
1-0

[Event "Ruy Lopez"]
[Site "Gatineau CAN"]
[Date "2022.11.01"]
[Round "1"]
[White "Simard, Francois"]
[Black "Jacques, Olivier"]
[Result "1-0"]
[WhiteElo "1386"]
[BlackElo "1262"]
[PlyCount "105"]
[EventDate "2022.11.01"]
[EventType "swiss"]
[EventRounds "7"]
[EventCountry "CAN"]
[TimeControl "90/30:0"]

1. e4 d5 2. exd5 Qxd5 3. Nc3 Qa5 4. Nf3 Nf6 5. d4 Bf5 6. Bd3 Bg6 7. O-O e6 8.
Bf4 Bd6 9. Bxd6 cxd6 10. Re1 O-O 11. Qd2 Bxd3 12. Qxd3 Nc6 13. a3 a6 14. b4 Qc7
15. Ne4 Nxe4 16. Rxe4 g6 17. Qd2 Ne7 18. Rc1 Rae8 19. c4 Nf5 20. Qc3 Qc6 21.
Rce1 d5 22. Ne5 Qc7 23. R4e2 f6 24. Ng4 Qxc4 25. Qxc4 dxc4 26. Rxe6 Rxe6 27.
Rxe6 Kg7 28. d5 c3 29. Re1 c2 30. Rc1 Rc8 31. Kf1 Nd4 32. d6 Rd8 33. Ne3 Rxd6
34. Ke1 f5 35. Nxc2 Re6+ 36. Kd1 Ne2 37. Ra1 Kf6 38. Kd2 Kg5 39. Re1 Nf4 40. g3
Rxe1 41. gxf4+ Kxf4 42. Nxe1 g5 43. Ke2 b5 44. Nd3+ Kg4 45. Kf1 Kh3 46. Kg1 h5
47. Nc5 f4 48. Nxa6 g4 49. Nc7 h4 50. Nxb5 g3 51. hxg3 hxg3 52. fxg3 Kxg3 53.
Nd4 1-0

[Event "Ruy Lopez"]
[Site "Gatineau CAN"]
[Date "2022.11.01"]
[Round "1"]
[White "Thompson, Francis"]
[Black "Thibault, Mario"]
[Result "1-0"]
[WhiteElo "1690"]
[BlackElo "1718"]
[PlyCount "97"]
[EventDate "2022.11.01"]
[EventType "swiss"]
[EventRounds "7"]
[EventCountry "CAN"]
[TimeControl "90/30:0"]

1. Nf3 Nf6 2. g3 b6 3. Bg2 Bb7 4. O-O e6 5. d4 c5 6. e3 Be7 7. c4 O-O 8. Nc3 d6
9. a3 Nbd7 10. Re1 a6 11. d5 exd5 12. Nxd5 Nxd5 13. cxd5 Bf6 14. e4 Ne5 15.
Nxe5 Bxe5 16. Rb1 b5 17. Be3 g6 18. f4 Bg7 19. Qd2 Re8 20. e5 c4 21. Bd4 Qc7
22. Qc3 Rad8 23. Rbd1 Qb8 24. Kf1 dxe5 25. Bxe5 Bxe5 26. fxe5 Qc8 27. Rd2 Qc5
28. Qd4 Qc8 29. d6 Bxg2+ 30. Kxg2 Re6 31. Rf1 Qc6+ 32. Kh3 Rde8 33. g4 Qd7 34.
Rdf2 Rxe5 35. Rxf7 Re3+ 36. R7f3 Rxf3+ 37. Rxf3 Re6 38. Rf6 Rxf6 39. Qxf6 a5
40. Qe5 Kf7 41. Qd5+ Kf6 42. Kg3 Qe6 43. g5+ Kf7 44. Qb7+ Ke8 45. Qxb5+ Qd7 46.
Qe5+ Kd8 47. Qxa5+ Ke8 48. Qe5+ Kf7 49. Qf6+ 1-0

[Event "Ruy Lopez"]
[Site "Gatineau CAN"]
[Date "2022.11.08"]
[Round "2"]
[White "Azar, Sebastien"]
[Black "Marghetis, Aris"]
[Result "1-0"]
[WhiteElo "2001"]
[BlackElo "1814"]
[PlyCount "107"]
[EventDate "2022.11.01"]
[EventType "swiss"]
[EventRounds "7"]
[EventCountry "CAN"]

1. e4 g6 2. d4 Bg7 3. Be3 d6 4. Bc4 Nf6 5. f3 c6 6. Bb3 O-O 7. Qd2 e5 8. Nc3
exd4 9. Bxd4 Be6 10. O-O-O Bxb3 11. cxb3 Qa5 12. Kb1 c5 13. Bxf6 Bxf6 14. Nd5
Qxd2 15. Nxf6+ Kg7 16. Rxd2 Kxf6 17. Rxd6+ Ke7 18. Rd5 Na6 19. Ne2 Rfd8 20. Nc3
Rxd5 21. Nxd5+ Ke6 22. Rd1 Rc8 23. a3 f5 24. exf5+ gxf5 25. Kc2 Nb8 26. Nf4+
Ke5 27. g3 Nc6 28. Rd7 Nd4+ 29. Kc3 Nxf3 30. Rxh7 b5 31. Rh6 Ng5 32. Rg6 Ne4+
33. Kd3 c4+ 34. bxc4 bxc4+ 35. Kc2 Rh8 36. h3 Nxg3 37. Rxg3 Kxf4 38. Rc3 Rd8
39. Rxc4+ Kg3 40. Rc3+ Kg2 41. Rc7 f4 42. Rxa7 Rf8 43. Rg7+ Kf1 44. b4 f3 45.
b5 f2 46. b6 Re8 47. a4 Ke2 48. Rf7 f1=Q 49. Rxf1 Kxf1 50. a5 Ke2 51. b7 Kf2
52. a6 Rb8 53. Kc3 Kg3 54. Kc4 1-0

[Event "Ruy Lopez"]
[Site "Gatineau CAN"]
[Date "2022.11.08"]
[Round "2"]
[White "Blais, Robert"]
[Black "Scrieciu, Cristian"]
[Result "0-1"]
[WhiteElo "1542"]
[BlackElo "1081"]
[PlyCount "77"]
[EventDate "2022.11.01"]
[EventType "swiss"]
[EventRounds "7"]
[EventCountry "CAN"]
[TimeControl "60+30"]

1. e4 c6 2. d4 d5 3. e5 c5 4. c3 Nc6 5. Be3 cxd4 6. cxd4 e6 7. Nf3 Nge7 8. Bd3
Qa5+ 9. Qd2 Nb4 10. Nc3 Nxd3+ 11. Qxd3 Nf5 12. Bd2 Qb6 13. Qb5+ Qc6 14. g4 Ne7
15. Rc1 Bd7 16. Qb3 Nc8 17. Ne2 Qb6 18. Qc3 Be7 19. h4 h6 20. h5 Qd8 21. Neg1
Nb6 22. b3 Rc8 23. Qb2 Rxc1+ 24. Qxc1 Qc8 25. Qxc8+ Nxc8 26. g5 hxg5 27. Nxg5
Bb5 28. f4 Kf8 29. Ne2 g6 30. h6 Kg8 31. Rh3 Bd8 32. Bb4 Ne7 33. Rc3 Nc6 34.
Bc5 Bxe2 35. Kxe2 Rxh6 36. a4 Rh4 37. Nh3 Ba5 38. b4 Bxb4 39. Rb3 0-1

[Event "Ruy Lopez"]
[Site "Gatineau CAN"]
[Date "2022.11.08"]
[Round "2"]
[White "Brault, Jean-Francois"]
[Black "Simard, Francois"]
[Result "1-0"]
[WhiteElo "1451"]
[BlackElo "1386"]
[PlyCount "75"]
[EventDate "2022.11.01"]
[EventType "swiss"]
[EventRounds "7"]
[EventCountry "CAN"]

1. c4 Nf6 2. d4 e6 3. Nc3 Nc6 4. g3 b6 5. Bg2 Bb7 6. Bg5 Be7 7. e3 O-O 8. Nge2
h6 9. Bxf6 Bxf6 10. O-O Re8 11. a3 a5 12. b4 axb4 13. axb4 Rxa1 14. Qxa1 Qa8
15. Nb5 Qxa1 16. Rxa1 Rc8 17. Ra4 Bd8 18. Nbc3 Ra8 19. Rxa8 Bxa8 20. b5 Nxd4
21. Nxd4 Bxg2 22. Kxg2 Bf6 23. Nce2 g5 24. f4 Kg7 25. Kf3 Kg6 26. g4 h5 27. h3
h4 28. Ke4 Be7 29. Nb3 f5+ 30. gxf5+ exf5+ 31. Kf3 Kh5 32. fxg5 Bxg5 33. Nbd4
Kg6 34. Nf4+ Bxf4 35. Kxf4 c6 36. bxc6 dxc6 37. Nxc6 Kf6 38. Nd4 1-0

[Event "Ruy Lopez"]
[Site "Gatineau CAN"]
[Date "2022.11.08"]
[Round "2"]
[White "Jacques, Olivier"]
[Black "Carle, Frederic"]
[Result "0-1"]
[WhiteElo "1282"]
[BlackElo "1278"]
[PlyCount "58"]
[EventDate "2022.11.01"]
[EventType "swiss"]
[EventRounds "7"]
[EventCountry "CAN"]
[TimeControl "60+30"]

1. e4 c5 2. Nf3 Nc6 3. Bb5 g6 4. O-O Bg7 5. c3 d5 6. exd5 Qxd5 7. Na3 Nf6 8.
Bc4 Qd8 9. Qb3 O-O 10. Qb5 Qd6 11. Qa4 Bf5 12. Qd1 Rad8 13. Re1 a6 14. Nc2 b5
15. Bf1 e5 16. b3 e4 17. Ne3 exf3 18. Nxf5 gxf5 19. Qxf3 Qd5 20. Qd1 Ne4 21.
Bb2 Qxd2 22. Qe2 Qxe2 23. Bxe2 Nxc3 24. Kf1 Nxe2 25. Bxg7 Kxg7 26. Rxe2 Rfe8
27. Rc2 Re5 28. f4 Red5 29. Ke1 Nb4 0-1

[Event "Ruy Lopez"]
[Site "Gatineau CAN"]
[Date "2022.11.08"]
[Round "2"]
[White "Lavergne, Daniel"]
[Black "Rioux, Jocelyn"]
[Result "0-1"]
[WhiteElo "1727"]
[BlackElo "1598"]
[PlyCount "64"]
[EventDate "2022.11.01"]
[EventType "swiss"]
[EventRounds "7"]
[EventCountry "CAN"]
[TimeControl "90+30"]

1. e4 c6 2. g3 d5 3. Bg2 dxe4 4. Bxe4 Nf6 5. Bf3 e5 6. d3 Bc5 7. Nc3 O-O 8. Qe2
Bf5 9. g4 Bg6 10. h4 h6 11. g5 hxg5 12. Bxg5 Qb6 13. O-O-O Nfd7 14. h5 Bh7 15.
Nh3 Bd4 16. h6 g6 17. Be7 Re8 18. Ba3 a5 19. Ne4 Qc7 20. Nd6 Re6 21. Nxf7 Rf6
22. Nfg5 Na6 23. Nxh7 Kxh7 24. Ng5+ Kh8 25. Ne4 Rf7 26. Rdg1 Rg8 27. Ng5 Rf5
28. h7 Re8 29. Be4 Rxf2 30. Qxf2 Bxf2 31. Bxg6 Bxg1 32. Bxe8 Be3+ 0-1

[Event "Ruy Lopez"]
[Site "Gatineau CAN"]
[Date "2022.11.08"]
[Round "2"]
[White "Lecorre, Joel"]
[Black "Fiset, Anais Chloe"]
[Result "1-0"]
[WhiteElo "1504"]
[BlackElo "1580"]
[PlyCount "56"]
[EventDate "2022.11.01"]
[EventType "swiss"]
[EventRounds "7"]
[EventCountry "CAN"]

1. e4 c6 2. Nf3 d5 3. Nc3 Bg4 4. h3 Bxf3 5. Qxf3 e6 6. d3 Nd7 7. Bd2 Ngf6 8. g4
h6 9. Bg2 Bd6 10. exd5 cxd5 11. Qe2 a6 12. Nxd5 Nxd5 13. Bxd5 Be5 14. Bxb7 Rb8
15. Bc6 Bxb2 16. Rb1 O-O 17. O-O Ne5 18. Bg2 Ng6 19. Be4 Ne7 20. g5 hxg5 21.
Bxg5 Rb5 22. h4 Qd6 23. c4 Rxg5+ 24. hxg5 Bd4 25. Qg4 f5 26. gxf6 Rxf6 27. Qh5
Bxf2+ 28. Rxf2 Qg3+ 1-0

[Event "Ruy Lopez"]
[Site "Gatineau CAN"]
[Date "2022.11.08"]
[Round "2"]
[White "Roussel-Lewis, Mathieu"]
[Black "Legault, Stephane"]
[Result "1-0"]
[WhiteElo "1346"]
[BlackElo "1425"]
[PlyCount "123"]
[EventDate "2022.11.01"]
[EventType "swiss"]
[EventRounds "7"]
[EventCountry "CAN"]
[TimeControl "90+30"]

1. e4 c6 2. d4 d5 3. exd5 cxd5 4. Nf3 Nc6 5. h3 g6 6. c4 Bg7 7. Nc3 Nf6 8. Bf4
a6 9. Bd3 O-O 10. O-O Nb4 11. Be2 Bf5 12. a3 Nc6 13. Bd3 Bxd3 14. Qxd3 dxc4 15.
Qxc4 Rc8 16. Qd3 Re8 17. Rfe1 Nd5 18. Nxd5 Qxd5 19. Rad1 Na5 20. Be5 f6 21. Bf4
Nc4 22. Bc1 Rcd8 23. Qe4 Qb5 24. d5 Rd6 25. a4 Qc5 26. b3 Ne5 27. Be3 Nxf3+ 28.
Qxf3 Qb4 29. Bd2 Qb6 30. Bf4 e5 31. dxe6 Rxd1 32. Qxd1 Bf8 33. Qd7 Re7 34. Qc8
g5 35. Be3 Qxe6 36. Qxe6+ Rxe6 37. Kf1 Rc6 38. Rd1 Rc3 39. Rd8 b5 40. axb5 axb5
41. Rb8 b4 42. Bd4 Rc1+ 43. Ke2 Kg7 44. Kd2 Rc6 45. Kd3 h5 46. Ke4 Bd6 47. Rb7+
Kg6 48. Kd5 Ra6 49. Rb6 Rxb6 50. Bxb6 Be5 51. Bc5 Bc3 52. Kc4 Kf7 53. Bxb4 Bxb4
54. Kxb4 Ke7 55. Kc5 Kd7 56. Kb6 Kc8 57. b4 Kb8 58. b5 f5 59. g3 h4 60. gxh4
gxh4 61. f4 Ka8 62. Kc7 1-0

[Event "Ruy Lopez"]
[Site "Gatineau CAN"]
[Date "2022.11.08"]
[Round "2"]
[White "Scantland, Patrick"]
[Black "Bastien, Andre"]
[Result "0-1"]
[WhiteElo "1720"]
[BlackElo "1736"]
[PlyCount "124"]
[EventDate "2022.11.01"]
[EventType "swiss"]
[EventRounds "7"]
[EventCountry "CAN"]

1. d4 Nf6 2. Nf3 g6 3. c4 Bg7 4. Nc3 d5 5. Bf4 O-O 6. e3 c5 7. Be2 Nc6 8. O-O
dxc4 9. Bxc4 Bg4 10. Be2 Nd5 11. Nxd5 Qxd5 12. dxc5 Qxc5 13. Rc1 Qa5 14. Qb3 e5
15. Bg3 e4 16. Qxb7 exf3 17. gxf3 Bh3 18. Rfd1 Nb4 19. a3 Na2 20. Rc7 Rab8 21.
Qxa7 Qxa7 22. Rxa7 Rxb2 23. Bc4 Rc2 24. Rc7 Be6 25. Bxe6 Rxc7 26. Bxc7 fxe6 27.
f4 Nc3 28. Rd6 Nb5 29. Rd7 Nxc7 30. Rxc7 Ra8 31. Re7 Ra6 32. Kg2 Kf8 33. Rb7
Rxa3 34. Kf3 h5 35. h3 Bf6 36. Rb8+ Kf7 37. Rb7+ Be7 38. Rc7 Kf6 39. Ke4 Ra1
40. Kf3 Rg1 41. e4 Kf7 42. Rb7 e5 43. Rb5 exf4 44. Kxf4 Bh4 45. Kf3 Rf1 46. Rb2
Kf6 47. Rb6+ Kg5 48. Rb5+ Kh6 49. Rb2 Re1 50. Rb4 Bf6 51. Rb6 Bd4 52. Rd6 Bc5
53. Rd5 Rc1 54. Rd2 Kg5 55. Rd5+ Kh4 56. Rd2 Kxh3 57. e5 g5 58. e6 Rc3+ 59. Ke4
Kg4 60. f3+ Rxf3 61. Rg2+ Rg3 62. Rc2 Ba3 0-1

[Event "Ruy Lopez"]
[Site "Gatineau CAN"]
[Date "2022.11.08"]
[Round "2"]
[White "Thompson, Francis"]
[Black "Raymond, Daniel"]
[Result "1-0"]
[WhiteElo "1690"]
[BlackElo "1748"]
[PlyCount "73"]
[EventDate "2022.11.01"]
[EventType "swiss"]
[EventRounds "7"]
[EventCountry "CAN"]

1. Nf3 c5 2. g3 Nc6 3. d4 cxd4 4. Nxd4 Nf6 5. Bg2 d5 6. O-O e5 7. Nxc6 bxc6 8.
c4 Be7 9. Nc3 Be6 10. Bg5 e4 11. Qa4 Qd7 12. Rfd1 O-O 13. Bxf6 Bxf6 14. Nxe4
Qb7 15. Nxf6+ gxf6 16. cxd5 cxd5 17. Qd4 Rac8 18. Qxf6 Rc2 19. Bxd5 Bxd5 20.
Qg5+ Kh8 21. Qxd5 Qxb2 22. Rdb1 Qc3 23. e3 Rd2 24. Qf3 a5 25. a4 f6 26. Rc1 Qe5
27. Rab1 Rd5 28. Rb6 f5 29. Rcb1 Rfd8 30. Kg2 Qc3 31. Rb8 Qd3 32. Rxd8+ Rxd8
33. Rb5 Qd7 34. Qxf5 Qc6+ 35. Qf3 Qd6 36. Rxa5 Rf8 37. Ra8 1-0

[Event "Ruy Lopez"]
[Site "Gatineau CAN"]
[Date "2022.11.15"]
[Round "3"]
[White "Bastien, Andre"]
[Black "Dupont-Mageau, Nicolas"]
[Result "1/2-1/2"]
[WhiteElo "1736"]
[BlackElo "1765"]
[PlyCount "75"]
[EventDate "2022.11.01"]
[EventType "swiss"]
[EventRounds "7"]
[EventCountry "CAN"]

1. d4 Nf6 2. Nf3 e6 3. e3 d5 4. Bd3 c5 5. b3 Nc6 6. Bb2 a6 7. a4 Bd7 8. O-O Be7
9. Nbd2 Nb4 10. Be2 O-O 11. c3 Nc6 12. Bd3 cxd4 13. exd4 Rc8 14. Qe2 Na7 15.
Ne5 b5 16. axb5 Nxb5 17. c4 dxc4 18. bxc4 Nc7 19. Bc3 Ra8 20. Ba5 Qb8 21. Rfb1
Qc8 22. g4 h6 23. h4 g6 24. Qf3 Kg7 25. Rb7 Bd6 26. Nxd7 Nxd7 27. c5 Nd5 28.
Rab1 Be7 29. Be4 Qc6 30. Bxd5 exd5 31. Rc7 Qe6 32. c6 Nb8 33. Rxe7 Qxe7 34. Bb4
Qe6 35. Bxf8+ Kxf8 36. c7 Nd7 37. Qf4 Kg7 38. Nf3 1/2-1/2

[Event "Ruy Lopez"]
[Site "Gatineau CAN"]
[Date "2022.11.15"]
[Round "3"]
[White "Carle, Frederic"]
[Black "Legault, Stephane"]
[Result "0-1"]
[WhiteElo "1278"]
[BlackElo "1425"]
[PlyCount "56"]
[EventDate "2022.11.01"]
[EventType "swiss"]
[EventRounds "7"]
[EventCountry "CAN"]
[TimeControl "90+30"]

1. e4 d6 2. d4 Nf6 3. Nc3 g6 4. Be3 Bg7 5. Be2 O-O 6. Qd2 Nbd7 7. Bh6 e5 8. d5
Nc5 9. f3 Nh5 10. g4 Qh4+ 11. Kd1 Ng3 12. Bg5 Qxg5 13. Qxg5 Nxh1 14. Qe3 f5 15.
Nh3 fxg4 16. fxg4 Bxg4 17. Qg1 Bxh3 18. Qxh1 Rf2 19. Kd2 Bh6+ 20. Kd1 Raf8 21.
Nb1 Bg2 22. Qe1 Nxe4 23. Qb4 R2f4 24. c4 Nc5 25. b3 Bxd5 26. Nc3 Rd4+ 27. Kc2
Rd2+ 28. Kb1 Be6 0-1

[Event "Ruy Lopez"]
[Site "Gatineau CAN"]
[Date "2022.11.15"]
[Round "3"]
[White "Desjardins, Michel"]
[Black "Azar, Sebastien"]
[Result "0-1"]
[WhiteElo "1868"]
[BlackElo "2001"]
[PlyCount "72"]
[EventDate "2022.11.01"]
[EventType "swiss"]
[EventRounds "7"]
[EventCountry "CAN"]

1. e4 c5 2. c3 Nf6 3. e5 Nd5 4. d4 cxd4 5. cxd4 d6 6. Nf3 Nc6 7. Bc4 e6 8. O-O
Be7 9. exd6 Qxd6 10. Nc3 O-O 11. Ne4 Qc7 12. Bd3 h6 13. Bc2 b6 14. a3 a5 15.
Bd2 Ba6 16. Re1 Rfd8 17. Rc1 Qd7 18. Bb1 Rac8 19. Rxc6 Qxc6 20. Ne5 Qe8 21. Qf3
f5 22. Ng3 Bg5 23. Bxg5 hxg5 24. Nxf5 exf5 25. Qxf5 Nf6 26. h4 gxh4 27. Kh2 Bc4
28. Nxc4 Qd7 29. Qg6 Rxc4 30. Bf5 Qxd4 31. Be6+ Kh8 32. Bxc4 Qxc4 33. Re7 Ng4+
34. Kh3 Nxf2+ 35. Kh2 Ng4+ 36. Kh3 Rd3+ 0-1

[Event "Ruy Lopez"]
[Site "Gatineau CAN"]
[Date "2022.11.15"]
[Round "3"]
[White "Hamon, Vincent"]
[Black "Simard, Francois"]
[Result "0-1"]
[WhiteElo "1451"]
[BlackElo "1386"]
[PlyCount "68"]
[EventDate "2022.11.01"]
[EventType "swiss"]
[EventRounds "7"]
[EventCountry "CAN"]
[TimeControl "5400+30"]

1. d4 d5 2. Nc3 Nf6 3. Bf4 a6 4. e3 c5 5. Nf3 Nc6 6. Bd3 e6 7. O-O Bd6 8. Bxd6
Qxd6 9. Re1 O-O 10. e4 dxe4 11. Nxe4 Nxe4 12. Rxe4 h6 13. c3 b5 14. dxc5 Qxc5
15. Nd4 Bb7 16. Nxc6 Bxc6 17. Rd4 Bd5 18. Qh5 Qc6 19. Rg4 Kh8 20. Qe5 Rg8 21.
Rh4 f6 22. Qf4 Rgd8 23. Bg6 Ra7 24. Qg4 Rad7 25. h3 Qc7 26. a3 Bb3 27. g3 Rd1+
28. Rxd1 Rxd1+ 29. Kg2 Bd5+ 30. f3 Rd2+ 31. Kf1 Bc4+ 32. Kg1 Qc5+ 33. Qd4 Rxd4
34. Rxd4 e5 0-1

[Event "Ruy Lopez"]
[Site "Gatineau CAN"]
[Date "2022.11.15"]
[Round "3"]
[White "Latreille, Etienne"]
[Black "Thompson, Francis"]
[Result "1/2-1/2"]
[WhiteElo "2094"]
[BlackElo "1690"]
[PlyCount "87"]
[EventDate "2022.11.01"]
[EventType "swiss"]
[EventRounds "7"]
[EventCountry "CAN"]

1. e4 c5 2. Nf3 d6 3. Bb5+ Nd7 4. O-O a6 5. Be2 Ngf6 6. d3 g6 7. a4 Bg7 8. Nc3
O-O 9. a5 b5 10. axb6 Nxb6 11. d4 cxd4 12. Nxd4 Bb7 13. f3 Qc7 14. Nb3 Nc4 15.
Bxc4 Qxc4 16. Na5 Qc5+ 17. Kh1 Rfb8 18. Qe1 Bc8 19. Be3 Qc7 20. Nb3 Be6 21. Ra3
Bxb3 22. cxb3 Rb4 23. Qd2 Qb7 24. Na4 Rxb3 25. Ra2 Rb8 26. Bd4 Qb4 27. Bc3 Qb7
28. Rc1 Nd7 29. h4 h5 30. Ba5 Nc5 31. Nxc5 dxc5 32. Rxc5 Rxb2 33. Rxb2 Qxb2 34.
Qf4 Qa1+ 35. Kh2 Rb5 36. Rc8+ Kh7 37. Bc7 Be5 38. Bxe5 Qxe5 39. Kg3 Kg7 40.
Qxe5+ Rxe5 41. Rc7 e6 42. Kf4 Rb5 43. Ra7 a5 44. g4 1/2-1/2

[Event "Ruy Lopez"]
[Site "Gatineau CAN"]
[Date "2022.11.15"]
[Round "3"]
[White "MacIsaac, Alexandre"]
[Black "Seguin, Hubert"]
[Result "1-0"]
[WhiteElo "1670"]
[BlackElo "1532"]
[PlyCount "53"]
[EventDate "2022.11.01"]
[EventType "swiss"]
[EventRounds "7"]
[EventCountry "CAN"]
[TimeControl "90+30"]

1. e4 c5 2. Nf3 d6 3. d4 cxd4 4. Nxd4 Nc6 5. Nc3 Nf6 6. Be3 a6 7. f3 g6 8. Bc4
Bg7 9. O-O O-O 10. Na4 Nxd4 11. Bxd4 b5 12. Bd5 Nxd5 13. Bxg7 Kxg7 14. Qxd5 Be6
15. Qd4+ Kg8 16. Nc3 Qd7 17. f4 Rfc8 18. h4 Rc4 19. Qd3 Qa7+ 20. Kh1 Rac8 21.
f5 Rxc3 22. bxc3 Bc4 23. Qf3 Bxf1 24. Rxf1 f6 25. Qg4 Kg7 26. fxg6 hxg6 27.
Qxc8 1-0

[Event "Ruy Lopez"]
[Site "Gatineau CAN"]
[Date "2022.11.15"]
[Round "3"]
[White "Rioux, Jocelyn"]
[Black "Blais, Robert"]
[Result "1-0"]
[WhiteElo "1598"]
[BlackElo "1542"]
[PlyCount "92"]
[EventDate "2022.11.01"]
[EventType "swiss"]
[EventRounds "7"]
[EventCountry "CAN"]

1. d4 d5 2. Bf4 Nf6 3. e3 Bf5 4. Bd3 Qd7 5. Bxf5 Qxf5 6. Bxc7 Ne4 7. Nf3 g5 8.
Qe2 a6 9. Nbd2 Nxd2 10. Qxd2 Nc6 11. c3 Rc8 12. Bg3 h5 13. h4 g4 14. Ne5 Nxe5
15. Bxe5 f6 16. Bf4 Bh6 17. Bxh6 Rxh6 18. O-O Rg6 19. Qe2 Qe4 20. Rad1 g3 21.
Qd3 gxf2+ 22. Rxf2 Qxd3 23. Rxd3 Kf7 24. Rf4 Rg3 25. Rf3 Rg4 26. g3 e6 27. Rd2
Rcg8 28. Rg2 f5 29. Kf2 Ke7 30. Rf4 R4g7 31. Rg1 Kd6 32. Rf3 b5 33. Ke2 Kc6 34.
Kd3 Rb7 35. Rf2 Rbg7 36. Rfg2 Rb7 37. Kc2 a5 38. Kb3 Rgb8 39. Kc2 b4 40. cxb4
Rxb4 41. b3 a4 42. Rb1 Kb5 43. bxa4+ Kxa4 44. Rxb4+ Rxb4 45. Kd3 Ka3 46. Rc2
Rb2 1-0

[Event "Ruy Lopez"]
[Site "Gatineau CAN"]
[Date "2022.11.15"]
[Round "3"]
[White "Scantland, Patrick"]
[Black "Lecorre, Joel"]
[Result "1-0"]
[WhiteElo "1720"]
[BlackElo "1504"]
[PlyCount "115"]
[EventDate "2022.11.01"]
[EventType "swiss"]
[EventRounds "7"]
[EventCountry "CAN"]

1. d4 c5 2. Nf3 Nf6 3. c4 d6 4. Nc3 Nbd7 5. e4 e5 6. d5 Be7 7. Be2 Nf8 8. h3 h6
9. Be3 Ng6 10. Qd2 Nh7 11. a3 Ng5 12. O-O-O f5 13. exf5 Bxf5 14. g4 Bd7 15. Kb1
O-O 16. Nxg5 Bxg5 17. Ne4 Bxe3 18. fxe3 Qe7 19. Bd3 Nh4 20. Rdf1 Nf3 21. Qe2
Ng5 22. Ng3 Rxf1+ 23. Rxf1 Rf8 24. Bf5 Nxh3 25. Ne4 Bxf5 26. gxf5 Ng5 27. Ng3
Nh7 28. e4 Nf6 29. Rh1 Kf7 30. Qh2 Ke8 31. Qd2 Rh8 32. Qa5 b6 33. Qa4+ Qd7 34.
Qb3 h5 35. Qe3 Qf7 36. Qg5 Rh7 37. Rh4 Rh6 38. Qe3 a6 39. b4 Ng4 40. Qb3 Qe7
41. f6 Nxf6 42. Nf5 Qd8 43. Nxg7+ Kf7 44. Nf5 Rh8 45. bxc5 dxc5 46. Qg3 Ng4 47.
Qf3 Kg6 48. d6 Rf8 49. Ne7+ Kg5 50. Qh3 Rf1+ 51. Qxf1 Kxh4 52. Nf5+ Kg5 53.
Qc1+ Kf6 54. Qd2 Qd7 55. Qd5 b5 56. Qxc5 bxc4 57. Kc2 Nf2 58. Qxc4 1-0

[Event "Ruy Lopez"]
[Site "Gatineau CAN"]
[Date "2022.11.22"]
[Round "4"]
[White "Dupont-Mageau, Nicolas"]
[Black "Lavergne, Daniel"]
[Result "1/2-1/2"]
[WhiteElo "1765"]
[BlackElo "1727"]
[PlyCount "71"]
[EventDate "2022.11.01"]
[EventType "swiss"]
[EventRounds "7"]
[EventCountry "CAN"]

1. e4 e5 2. Nf3 Nc6 3. Bb5 a6 4. Ba4 Nf6 5. d3 Bc5 6. O-O d6 7. h3 b5 8. Bb3
Bb7 9. c3 Qd7 10. Re1 O-O 11. Nbd2 Na5 12. Bc2 b4 13. Nf1 bxc3 14. bxc3 Bc6 15.
Bg5 Ne8 16. Rb1 f5 17. exf5 Bxf2+ 18. Kxf2 Qxf5 19. Bc1 Bxf3 20. gxf3 Qxh3 21.
Ne3 Qh2+ 22. Ng2 Nf6 23. Rb4 e4 24. f4 h5 25. Rg1 e3+ 26. Bxe3 Ng4+ 27. Ke2
Rae8 28. Bb3+ Nxb3 29. Qxb3+ Kh8 30. Re4 Rxe4 31. dxe4 Nxe3 32. Kxe3 Qxg1+ 33.
Kf3 Qf1+ 34. Kg3 g5 35. Qe6 gxf4+ 36. Kh2 1/2-1/2

[Event "Ruy Lopez"]
[Site "Gatineau CAN"]
[Date "2022.11.22"]
[Round "4"]
[White "Jacques, Olivier"]
[Black "Hamon, Vincent"]
[Result "1-0"]
[WhiteElo "1282"]
[BlackElo "1451"]
[PlyCount "63"]
[EventDate "2022.11.01"]
[EventType "swiss"]
[EventRounds "7"]
[EventCountry "CAN"]
[TimeControl "90+30"]

1. e4 c6 2. d4 d5 3. e5 c5 4. dxc5 Nc6 5. f4 Nh6 6. Nd2 Bg4 7. Be2 Nd4 8. Bxg4
Nxg4 9. c3 Ne3 10. Qa4+ Nc6 11. Ndf3 Nf5 12. Ne2 e6 13. b4 a6 14. O-O Be7 15.
Nfd4 Nfxd4 16. Nxd4 Qc8 17. Nxc6 bxc6 18. Be3 O-O 19. Qc2 a5 20. a3 Qc7 21. Rf3
Ra6 22. Rh3 g6 23. g4 axb4 24. cxb4 Rfa8 25. Bc1 f6 26. Bb2 fxe5 27. Bxe5 Qd8
28. g5 Bxg5 29. Qg2 Bf6 30. Qb2 Kg7 31. Bxf6+ Qxf6 32. Rxh7+ 1-0

[Event "Ruy Lopez"]
[Site "Gatineau CAN"]
[Date "2022.11.22"]
[Round "4"]
[White "Lecorre, Joel"]
[Black "Masse-Garneau, Anthony"]
[Result "1/2-1/2"]
[WhiteElo "1504"]
[BlackElo "1537"]
[PlyCount "49"]
[EventDate "2022.11.01"]
[EventType "swiss"]
[EventRounds "7"]
[EventCountry "CAN"]

1. e4 c5 2. Nc3 e6 3. Nf3 Nc6 4. Bb5 a6 5. Bxc6 bxc6 6. d3 d5 7. e5 h6 8. Bf4
Qa5 9. O-O Ne7 10. Bd2 Qc7 11. Re1 Ng6 12. Qe2 Be7 13. a3 O-O 14. g3 f6 15. h4
Nxe5 16. Nxe5 fxe5 17. Qxe5 Bd6 18. Qe2 e5 19. Kg2 Qf7 20. Rf1 Qf5 21. Rh1 Ra7
22. Raf1 Raf7 23. f3 h5 24. Bg5 Qe6 25. a4 1/2-1/2